Open Data Biblioteca Nacional de Portugal


República Portuguesa: Ministério da Cultura
Biblioteca Nacional de Portugal

Catálogo da BNP: acesso por Identificadores Unívocos
Registos Bibliográficos associados ao registo de autoridade

Etiqueta de registo: 00254nam 2200025 450
001 2276371
003 http://id.bnportugal.gov.pt/bib/catbnp/2276371
010 ## $a978-989-735-638-4
021 ## $aPT$b555540/25
100 ## $a20260305d2025 m y0pory01030103ba
101 1# $aeng
102 ## $aPT
105 ## $ay z 000gy
106 ## $ar
200 1# $aConjugation of maps$fRegina Correia$gtransl. Cristina Seixas
210 #9 $aPonta Delgada$cLetras Lavadas,$d2025
215 ## $a137, [1] p.$d23 cm
675 ## $a821.134.3-1"19/20"$vBN$zpor$3567435
700 #1 $aCorreia,$bRegina,$f1951-$374542
702 #1 $aSeixas,$bCristina,$f1964-$4730$31989255
801 #0 $aPT$bBN$gRPC
856 41 $uhttp://rnod.bnportugal.gov.pt/ImagesBN/winlibimg.aspx?skey=&doc=2276371&img=221411&save=true
900 ## $aBIBNAC$d20260428
966 ## $lBN$mFGMON$sL. 181423 V.$x1
966 ## $lBN$mFGMON$sL. 181423 V.-D$x1
971 ## $cabrito$d20260305
973 ## $caalmeid$d20260416
975 ## $e0$d20260428$viquintas

OpendataBNP@bnportugal.pt | Mais informação sobre acesso aos dados BNP